000 00637nam a22001937a 4500
999 _c101431
_d101431
005 20181205130602.0
010 _aENG-115508
020 _a9789381384565
_c250.00
035 _aEN-99040
037 _bDBAD/PUB
082 _a615.852
100 _aThakore,Abhishek
245 _a(Twenty one ) 21 Power tools of reiki /
_cby Abhishek Thakore [and] Usha Thakore
_bA guide to maximise the power of reiki
260 _aNew Delhi
_bV & S Publishers
_c2016
270 _aF-2/16,Ansari Road,Daryaganj
_bNew Delhi
_e110002
300 _a131p. :
_c21cm(pbk)
_bill
700 _aThaokore,Usha
942 _2ddc
_cEN
_h615.852
_mTHA